000 00481nam a2200157 a 4500
001 000032785
005 20200930065831.0
008 110726s1942 dr 000 0 spa d
040 _aDO-SdBNP
_bspa
_cBNPHU
082 _axxx
_bM843
100 1 _aMoreno Jimenes, D.
_958615
245 1 3 _aEl poemario de la cumbre y el mar /
_cD. Moreno Jimenes.
260 _aSantiago de los Caballeros, República Dominicana :
_bColina sacra,
_c1942.
300 _a[32 p.] ;
_c16 cm.
049 _aBNPD
999 _c32276
_d32276